[Event "Titled Tuesday intern op 04th Apr Early"]
[Site "Chess.com INT"]
[Date "2023.04.04"]
[Round "1"]
[White "Hayrapetyan, Artavazd R"]
[Black "Romero Pallares, Daniel"]
[Result "1-0"]
[WhiteElo "2383"]
[BlackElo "2275"]
[PlyCount "69"]
[EventDate "2023.04.04"]
[EventType "swiss (blitz)"]
[EventRounds "11"]
[EventCountry "USA"]
[SourceTitle "EXT 2024"]
[Source "ChessBase"]
[SourceDate "2023.10.10"]
[SourceVersion "1"]
[SourceVersionDate "2023.10.10"]
[SourceQuality "1"]

1. d4 c5 2. d5 e5 3. Nc3 d6 4. e4 Be7 5. Nf3 Bg4 6. h3 Bxf3 7. Qxf3 Bg5 8. Bb5+ Kf8 9. Bxg5 Qxg5 10. h4 Qd8 11. a4 h5 12. g3 a6 13. Bf1 b6 14. Bh3 g6 15. 0-0 Kg7 16. Nd1 Nf6 17. Ne3 Nbd7 18. Ra3 b5 19. axb5 axb5 20. Rfa1 Rxa3 21. Rxa3 Qb6 22. Bxd7 Nxd7 23. Qd1 c4 24. b3 Nc5 25. bxc4 b4 26. Ra2 Nxe4 27. Qf3 Qd4 28. Ra6 Rd8 29. Kg2 Nd2 30. Qe2 Qe4+ 31. f3 Qd4 32. Qf2 e4 33. Nf5+ gxf5 34. Qxd4+ f6 35. Qxd2 1-0

[Event "Titled Tuesday intern op 04th Apr Early"]
[Site "Chess.com INT"]
[Date "2023.04.04"]
[Round "3"]
[White "Hayrapetyan, Artavazd R"]
[Black "Shuvalova, Polina"]
[Result "0-1"]
[WhiteElo "2383"]
[BlackElo "2475"]
[PlyCount "144"]
[EventDate "2023.04.04"]
[EventType "swiss (blitz)"]
[EventRounds "11"]
[EventCountry "USA"]
[SourceTitle "EXT 2024"]
[Source "ChessBase"]
[SourceDate "2023.10.10"]
[SourceVersion "1"]
[SourceVersionDate "2023.10.10"]
[SourceQuality "1"]

1. d4 Nf6 2. Bf4 d5 3. e3 c5 4. Nd2 Nc6 5. c3 e6 6. Ngf3 Qb6 7. Qb3 Be7 8. Be2 0-0 9. h3 Bd7 10. 0-0 Rfc8 11. Rfd1 h6 12. Ne5 Be8 13. Bd3 c4 14. Qxb6 axb6 15. Bc2 b5 16. a3 Nxe5 17. Bxe5 Nd7 18. Bg3 f5 19. f3 g5 20. e4 f4 21. Bf2 Bg6 22. Rac1 Nb6 23. exd5 Bxc2 24. Rxc2 exd5 25. Re1 Kf7 26. Nf1 Bd6 27. Nh2 Re8 28. Ng4 Rxe1+ 29. Bxe1 h5 30. Nh2 Re8 31. Kf1 Na4 32. h4 Kg6 33. hxg5 Kxg5 34. Bd2 Kf5 35. Bc1 Re6 36. Kf2 Be7 37. g3 fxg3+ 38. Kxg3 Bd6+ 39. f4 Rg6+ 40. Kh3 Rg1 41. Nf3 Rf1 42. Ne5 Rh1+ 43. Kg2 Rd1 44. Kf3 Rf1+ 45. Kg2 Rd1 46. Be3 h4 47. Kh3 Rh1+ 48. Kg2 Rb1 49. Bc1 Ke4 50. Re2+ Kf5 51. Rc2 Ke4 52. Kf2 Kf5 53. Kf3 Ra1 54. Kg2 Ra2 55. Kh3 Bxa3 56. Nf7 Bxb2 57. Nh6+ Kg6 58. f5+ Kf6 59. Kxh4 Bxc1 60. Rxa2 Bxh6 61. Kg4 Nxc3 62. Rh2 Bg5 63. Rh8 Ne4 64. Rf8+ Kg7 65. Rb8 c3 66. Rxb7+ Kf6 67. Rb6+ Kf7 68. Rb7+ Kf8 69. Rxb5 c2 70. Rb8+ Ke7 71. Rb7+ Kd6 72. Rb6+ Kc7 0-1

[Event "Titled Tuesday intern op 24th Nov"]
[Site "Chess.com INT"]
[Date "2020.11.24"]
[Round "3"]
[White "Luczak, Filip"]
[Black "Hayrapetyan, Artavazd R"]
[Result "1-0"]
[WhiteElo "2339"]
[BlackElo "2362"]
[PlyCount "87"]
[EventDate "2020.11.24"]
[EventType "swiss (blitz)"]
[EventRounds "11"]
[EventCountry "USA"]
[SourceTitle "CBM 199 Extra"]
[Source "ChessBase"]
[SourceDate "2021.01.31"]
[SourceVersion "1"]
[SourceVersionDate "2021.01.31"]
[SourceQuality "1"]

1. d4 Nf6 2. Bg5 c5 3. d5 Qb6 4. Nc3 Qxb2 5. Bd2 Qb6 6. e4 d6 7. a4 g6 8. Nf3 Bg7 9. h3 0-0 10. Be2 Na6 11. 0-0 Nb4 12. Re1 a6 13. Bf1 Qc7 14. Ra3 Bd7 15. Nb1 a5 16. Bc4 e6 17. dxe6 Bxe6 18. Bxe6 fxe6 19. Bf4 e5 20. Bg5 Nh5 21. c3 Nc6 22. Nbd2 h6 23. Be3 Nd4 24. cxd4 exd4 25. Bxd4 cxd4 26. Nb3 Nf4 27. Nbxd4 Kh7 28. Nb5 Qf7 29. Nxd6 Qe7 30. Nb5 Rad8 31. Qc2 Rc8 32. Qa2 Qb4 33. Rb3 Qe7 34. e5 Rc4 35. Rbe3 Rfc8 36. Nd6 Rc2 37. Qb3 R8c7 38. Nd4 Rc1 39. N4b5 Rxe1+ 40. Rxe1 Rc6 41. Re4 Rc1+ 42. Kh2 Bxe5 43. g3 Nh5 44. Qe3 1-0

[Event "Titled Tuesday intern op 25th Aug"]
[Site "Chess.com INT"]
[Date "2020.08.25"]
[Round "2"]
[White "Ahmed, Jaza Jamal"]
[Black "Hayrapetyan, Artavazd R"]
[Result "0-1"]
[WhiteElo "2242"]
[BlackElo "2362"]
[PlyCount "132"]
[EventDate "2020.08.25"]
[EventType "swiss (blitz)"]
[EventRounds "10"]
[EventCountry "USA"]
[SourceTitle "CBM 198 Extra"]
[Source "ChessBase"]
[SourceDate "2020.11.30"]
[SourceVersion "1"]
[SourceVersionDate "2020.11.30"]
[SourceQuality "1"]

1. e4 e6 2. d4 d5 3. Nd2 Nc6 4. Ngf3 Nf6 5. e5 Nd7 6. c3 f6 7. exf6 Qxf6 8. Bd3 e5 9. dxe5 Ncxe5 10. Nxe5 Nxe5 11. Be2 Bd6 12. Nf3 c6 13. h3 0-0 14. Be3 Qg6 15. Nxe5 Bxe5 16. Bf3 Bf5 17. Qd2 Kh8 18. 0-0-0 a5 19. h4 h6 20. h5 Qf7 21. g4 Bh7 22. Be2 a4 23. a3 Bf4 24. Bxf4 Qxf4 25. Qxf4 Rxf4 26. f3 Re8 27. Rhe1 b5 28. Kd2 Kg8 29. Rf1 Kf7 30. Rde1 g6 31. hxg6+ Bxg6 32. Bd1 Rxe1 33. Rxe1 h5 34. gxh5 Bxh5 35. Ke3 Rf6 36. Rg1 Bg6 37. Be2 Re6+ 38. Kd2 Rf6 39. Rh1 Ke6 40. Ke3 Kd6 41. Rh8 Re6+ 42. Kd2 Kc5 43. Rh6 Kd6 44. f4 Ke7 45. Bh5 Bxh5 46. Rxh5 Re4 47. Rh4 Kd6 48. Rh6+ Kc5 49. Rf6 Kb6 50. Kd3 Kc5 51. f5 Re1 52. Rf8 Rb1 53. Kc2 Rf1 54. f6 Kc4 55. f7 Rf2+ 56. Kc1 Kb3 57. Kd1 Kxb2 58. Ke1 Rf6 59. Kd2 Kxa3 60. Kd3 Kb3 61. Kd4 a3 62. Ke5 Rf1 63. Kd4 a2 64. Ra8 Rxf7 65. Kc5 Rf4 66. Kxc6 Ra4 0-1

[Event "Titled Tuesday intern op 2nd April"]
[Site "Chess.com INT"]
[Date "2019.04.02"]
[Round "5"]
[White "Santos Ruiz, Miguel"]
[Black "Hayrapetyan, Artavazd R"]
[Result "1-0"]
[WhiteElo "2555"]
[BlackElo "2374"]
[PlyCount "93"]
[EventDate "2019.04.02"]
[EventType "swiss (blitz)"]
[EventRounds "10"]
[EventCountry "USA"]
[SourceTitle "EXT 2021"]
[Source "ChessBase"]
[SourceDate "2020.10.23"]
[SourceVersion "1"]
[SourceVersionDate "2020.10.23"]
[SourceQuality "1"]

1. d4 Nf6 2. Nf3 g6 3. c4 c5 4. dxc5 Na6 5. g3 Nxc5 6. Bg2 Bg7 7. 0-0 0-0 8. Nc3 d6 9. Be3 Be6 10. b3 Qd7 11. Rc1 Bh3 12. Qd2 Bxg2 13. Kxg2 Qf5 14. h3 h5 15. Rfd1 a6 16. Nd4 Qc8 17. f3 Rd8 18. Bf2 Qd7 19. e4 Rac8 20. Nd5 Qe8 21. Be3 b5 22. Nxf6+ Bxf6 23. cxb5 axb5 24. Qb4 Ra8 25. Rc2 Rdb8 26. Ne2 Rc8 27. Qd2 Ne6 28. Rdc1 Rxc2 29. Rxc2 Qd7 30. Nc3 Nc7 31. Bb6 b4 32. Nd5 Nxd5 33. Qxd5 Qe8 34. Qc4 Bc3 35. a4 bxa3 36. Qxc3 a2 37. Rc1 Qb5 38. Bf2 Qe2 39. b4 Kh7 40. Ra1 Kg8 41. Qb3 Qa6 42. b5 Qb7 43. b6 h4 44. Rxa2 Rxa2 45. Qxa2 hxg3 46. Kxg3 Qxb6 47. Bxb6 1-0

[Event "EU-ch 19th"]
[Site "Batumi"]
[Date "2018.03.20"]
[Round "4"]
[White "Steinberg, Nitzan"]
[Black "Hayrapetyan, Artavazd R"]
[Result "0-1"]
[WhiteElo "2518"]
[BlackElo "2370"]
[PlyCount "184"]
[EventDate "2018.03.17"]
[EventType "swiss"]
[EventRounds "11"]
[EventCountry "GEO"]
[SourceTitle "CBM 184"]
[Source "ChessBase"]
[SourceDate "2018.05.16"]
[SourceVersion "1"]
[SourceVersionDate "2018.05.16"]
[SourceQuality "1"]

1. Nf3 Nf6 2. b3 e6 3. Bb2 b6 4. g3 Bb7 5. Bg2 Be7 6. 0-0 c5 7. c4 0-0 8. Re1 d5 9. cxd5 Nxd5 10. Na3 Nc6 11. Nc4 Bf6 12. e4 Ndb4 13. Bxf6 Qxf6 14. a3 Na6 15. e5 Qe7 16. Nd6 Rad8 17. d4 Ba8 18. b4 cxb4 19. Qa4 Nc7 20. axb4 Ne8 21. Nb5 Qxb4 22. Qxb4 Nxb4 23. Rxa7 Bc6 24. Rb1 Nd5 25. Nd2 Bxb5 26. Rxb5 Nec7 27. Rb1 Ra8 28. Rxc7 Nxc7 29. Bxa8 Nxa8 30. Nc4 Rb8 31. Kf1 h6 32. Rb5 Rd8 33. Nd6 Rb8 34. Nc4 Rd8 35. Nd6 Rb8 36. Rb3 Nc7 37. Rf3 Rf8 38. Ke2 b5 39. Kd3 b4 40. Kc4 Nd5 41. Kb3 Rd8 42. g4 Rd7 43. Ne4 g5 44. Kb2 Kg7 45. Kb3 Ra7 46. Kb2 Kg6 47. Nd6 Rc7 48. h3 Ra7 49. Ne4 Ra5 50. Nf6 Nf4 51. h4 Ra8 52. Ne4 Rd8 53. Nd6 Ra8 54. Ne4 Ra5 55. Nf6 Kg7 56. hxg5 hxg5 57. Rb3 Ra8 58. Kb1 Rb8 59. Kc2 Ne2 60. Rd3 Rc8+ 61. Kb2 Rd8 62. d5 Nf4 63. Rd4 Ng6 64. Rxb4 Nxe5 65. Nh5+ Kg6 66. Rb3 Nxg4 67. Ng3 Rxd5 68. f3 Ne5 69. Kc2 Rd4 70. Ne2 Rh4 71. Kd2 Rh3 72. Nd4 g4 73. fxg4 Rxb3 74. Nxb3 Nxg4 75. Ke2 f5 76. Nc5 Kf6 77. Kf3 Ne5+ 78. Ke3 Ng6 79. Nd7+ Ke7 80. Nb6 Kd6 81. Nc4+ Kc5 82. Nd2 e5 83. Nf3 Kd5 84. Ng5 e4 85. Nh3 f4+ 86. Ke2 Ke5 87. Ng5 Nf8 88. Nf7+ Kd5 89. Ng5 Ne6 90. Nf7 Nd4+ 91. Kf1 e3 92. Ng5 Ke5 0-1

[Event "EU-ch 19th"]
[Site "Batumi"]
[Date "2018.03.18"]
[Round "2"]
[White "Paravyan, David"]
[Black "Hayrapetyan, Artavazd R"]
[Result "1-0"]
[WhiteElo "2613"]
[BlackElo "2370"]
[PlyCount "53"]
[EventDate "2018.03.17"]
[EventType "swiss"]
[EventRounds "11"]
[EventCountry "GEO"]
[SourceTitle "CBM 184"]
[Source "ChessBase"]
[SourceDate "2018.05.16"]
[SourceVersion "1"]
[SourceVersionDate "2018.05.16"]
[SourceQuality "1"]

1. e4 e5 2. Nf3 Nf6 3. Nxe5 d6 4. Nf3 Nxe4 5. d4 d5 6. Bd3 Be7 7. 0-0 Nc6 8. c4 Nb4 9. Be2 0-0 10. Nc3 Bf5 11. a3 Nxc3 12. bxc3 Nc6 13. Re1 Re8 14. Bf4 Bd6 15. Bxd6 Qxd6 16. Qb3 Na5 17. Qb5 b6 18. Qxd5 Be6 19. Qb5 c5 20. Bd3 h6 21. Re3 cxd4 22. cxd4 Rec8 23. Rae1 a6 24. Qa4 Bd7 25. Qc2 Bb5 26. cxb5 Rxc2 27. Re8+ 1-0

[Event "EU-ch 19th"]
[Site "Batumi"]
[Date "2018.03.17"]
[Round "1"]
[White "Hayrapetyan, Artavazd R"]
[Black "Yilmaz, Mustafa"]
[Result "1/2-1/2"]
[WhiteElo "2370"]
[BlackElo "2619"]
[PlyCount "193"]
[EventDate "2018.03.17"]
[EventType "swiss"]
[EventRounds "11"]
[EventCountry "GEO"]
[SourceTitle "CBM 184"]
[Source "ChessBase"]
[SourceDate "2018.05.16"]
[SourceVersion "1"]
[SourceVersionDate "2018.05.16"]
[SourceQuality "1"]

1. d4 Nf6 2. Nf3 e6 3. c4 c5 4. g3 cxd4 5. Nxd4 Qc7 6. Nd2 Nc6 7. Nb5 Qb6 8. Bg2 d5 9. 0-0 Be7 10. Nf3 0-0 11. Be3 Qd8 12. Nbd4 Bd7 13. Rc1 Rc8 14. Nb3 b6 15. a3 h6 16. Qd2 Re8 17. Rfd1 Bf8 18. Qe1 Qe7 19. cxd5 Nxd5 20. Bd2 e5 21. e4 Nc7 22. Na1 Ne6 23. Nc2 Nc5 24. Bc3 Be6 25. Nb4 Nxb4 26. Bxb4 Qf6 27. Qe3 a5 28. Bc3 Bb3 29. Re1 Qd6 30. Bf1 Rcd8 31. Nd2 Ba4 32. Nc4 Qb8 33. Qf3 Nb3 34. Rb1 Nd4 35. Qg2 Bc6 36. Rbd1 a4 37. Ne3 Qb7 38. Nd5 Rxd5 39. exd5 Bxd5 40. Bxd4 Bxg2 41. Bxg2 Qc7 42. Rc1 Qb8 43. Bc6 Re6 44. Be3 b5 45. Bd7 Re7 46. Rc8 Qb7 47. Bh3 Rc7 48. Rxc7 Qxc7 49. Rc1 Qd6 50. Rc8 Qd1+ 51. Bf1 Qd7 52. Ra8 Qc6 53. Rb8 Qc7 54. Rxb5 Bd6 55. b3 axb3 56. Rxb3 Qa5 57. Bc4 Qa4 58. Bd5 Kf8 59. Kg2 Qa5 60. Bc6 Bxa3 61. Rb8+ Ke7 62. Rb7+ Ke6 63. Ra7 Qc3 64. Bd7+ Kd6 65. Be8 f5 66. Rxg7 Bc1 67. Rg6+ Ke7 68. Rc6 Qd3 69. Rxc1 Kxe8 70. Bxh6 f4 71. Re1 Qc3 72. Kf1 Qc4+ 73. Kg1 Qc3 74. Kf1 Kf7 75. Bxf4 exf4 76. gxf4 Qf3 77. Kg1 Qg4+ 78. Kh1 Qh3 79. Kg1 Qg4+ 80. Kh1 Kf6 81. Re3 Kf5 82. Rg3 Qe2 83. Kg1 Qd1+ 84. Kg2 Qd5+ 85. Kg1 Kxf4 86. Re3 Qa8 87. Rg3 Qa1+ 88. Kg2 Qd1 89. Re3 Qd5+ 90. Kg1 Kg4 91. Rg3+ Kh4 92. Re3 Qd1+ 93. Kg2 Qd5+ 94. Kg1 Qd1+ 95. Kg2 Qd5+ 96. Kg1 Qd1+ 97. Kg2 1/2-1/2

[Event "PRO League Stage"]
[Site "Chess.com INT"]
[Date "2018.01.18"]
[Round "1"]
[White "Hayrapetyan, Artavazd R"]
[Black "Haldorsen, Benjamin"]
[Result "0-1"]
[WhiteElo "2370"]
[BlackElo "2405"]
[PlyCount "90"]
[EventDate "2018.01.18"]
[EventType "team-swiss (rapid)"]
[EventRounds "9"]
[EventCountry "USA"]
[SourceTitle "CBM 182 Extra"]
[Source "ChessBase"]
[SourceDate "2018.02.23"]
[SourceVersion "1"]
[SourceVersionDate "2018.02.23"]
[SourceQuality "1"]
[WhiteTeam "Armenia Eagles"]
[BlackTeam "Oslo Trolls"]
[WhiteTeamCountry "ARM"]
[BlackTeamCountry "NOR"]

1. d4 d5 2. c4 dxc4 3. e3 Be6 4. Na3 Nf6 5. Nf3 g6 6. Nxc4 Bg7 7. Be2 0-0 8. 0-0 c5 9. b3 Nc6 10. Bb2 Ne4 11. Qb1 cxd4 12. Qxe4 d3 13. Rfd1 Bf5 14. Qh4 e5 15. Qxd8 Rfxd8 16. Bf1 e4 17. Bxg7 Kxg7 18. Nfd2 b5 19. Nb2 Nb4 20. f3 exf3 21. e4 fxg2 22. exf5 gxf1Q+ 23. Nxf1 Rac8 24. a3 Nc2 25. Rac1 Nxa3 26. Rxc8 Rxc8 27. Nxd3 a5 28. fxg6 hxg6 29. Ra1 b4 30. Rc1 Rd8 31. Ne5 Rd5 32. Nc6 a4 33. Rc4 Nxc4 34. bxc4 Rg5+ 35. Kf2 Rf5+ 36. Ke2 Rxf1 37. Nxb4 Rb1 38. Nd5 a3 39. Nc3 Rb2+ 40. Kd1 a2 41. Nxa2 Rxa2 42. c5 Rxh2 43. c6 Rh5 44. c7 Rc5 45. c8B Rxc8 0-1

[Event "PRO League Stage"]
[Site "Chess.com INT"]
[Date "2018.01.18"]
[Round "1"]
[White "Hayrapetyan, Artavazd R"]
[Black "Nilsen, Joachim Birger"]
[Result "1/2-1/2"]
[WhiteElo "2370"]
[BlackElo "2413"]
[PlyCount "48"]
[EventDate "2018.01.18"]
[EventType "team-swiss (rapid)"]
[EventRounds "9"]
[EventCountry "USA"]
[SourceTitle "CBM 182 Extra"]
[Source "ChessBase"]
[SourceDate "2018.02.23"]
[SourceVersion "1"]
[SourceVersionDate "2018.02.23"]
[SourceQuality "1"]
[WhiteTeam "Armenia Eagles"]
[BlackTeam "Oslo Trolls"]
[WhiteTeamCountry "ARM"]
[BlackTeamCountry "NOR"]

1. d4 Nf6 2. c4 e6 3. Nf3 b6 4. g3 Bb7 5. Bg2 Bb4+ 6. Bd2 a5 7. a3 Bxd2+ 8. Qxd2 0-0 9. 0-0 d6 10. Nc3 Ne4 11. Nxe4 Bxe4 12. b4 Nd7 13. Rfd1 Qb8 14. d5 e5 15. Nxe5 Nxe5 16. Bxe4 f5 17. Bd3 Qe8 18. Kg2 Qh5 19. h3 Rae8 20. e3 Qf3+ 21. Kg1 Qh5 22. Kg2 Qf3+ 23. Kg1 Qh5 24. Kg2 Qf3+ 1/2-1/2

[Event "Yerevan op 2nd"]
[Site "Yerevan"]
[Date "2017.09.24"]
[Round "6"]
[White "Babayan, Armine"]
[Black "Hayrapetyan, Artavazd R"]
[Result "0-1"]
[WhiteElo "2168"]
[BlackElo "2346"]
[PlyCount "78"]
[EventDate "2017.09.19"]
[EventType "swiss"]
[EventRounds "9"]
[EventCountry "ARM"]
[SourceTitle "CBM 180 Extra"]
[Source "ChessBase"]
[SourceDate "2017.10.06"]
[SourceVersion "1"]
[SourceVersionDate "2017.10.06"]
[SourceQuality "1"]

1. e4 e5 2. Nf3 Nc6 3. Bb5 a6 4. Ba4 Nf6 5. Qe2 b5 6. Bb3 Be7 7. c3 0-0 8. 0-0 d6 9. h3 Na5 10. Bc2 c5 11. d4 Qc7 12. Bg5 Bb7 13. d5 Ne8 14. Nbd2 Bxg5 15. Nxg5 Bc8 16. f4 f6 17. fxe5 dxe5 18. Ngf3 Nd6 19. b3 c4 20. b4 Nab7 21. a4 a5 22. axb5 Bd7 23. bxa5 Nxa5 24. Nh4 Nxb5 25. Rf3 Nd6 26. Nf1 Nb3 27. Rb1 Ra2 28. Qd1 Na1 29. Rc1 Nxc2 30. Rxc2 Ba4 31. Rxa2 Bxd1 32. Re3 Bb3 33. Rf2 Ra8 34. Ng3 Ra2 35. Nhf5 Rxf2 36. Kxf2 Nxf5 37. Nxf5 g6 38. Ng3 Qb6 39. Nf1 Bc2 0-1

[Event "Yerevan op 1st"]
[Site "Yerevan"]
[Date "2016.10.06"]
[Round "5"]
[White "Hayrapetyan, Artavazd R"]
[Black "Hovhannisyan, Robert"]
[Result "0-1"]
[WhiteElo "2258"]
[BlackElo "2626"]
[PlyCount "118"]
[EventDate "2016.10.02"]
[EventType "swiss"]
[EventRounds "9"]
[EventCountry "ARM"]
[SourceTitle "EXT 2017"]
[Source "ChessBase"]
[SourceDate "2016.10.25"]
[SourceVersion "1"]
[SourceVersionDate "2016.10.25"]
[SourceQuality "1"]

1. c4 e6 2. Nf3 Nf6 3. g3 d5 4. d4 Bb4+ 5. Bd2 Bd6 6. Bg2 c6 7. Qc2 Nbd7 8. 0-0 0-0 9. b3 Ne4 10. Nc3 Nxd2 11. Nxd2 f5 12. f4 Qe7 13. c5 Bc7 14. b4 g5 15. e3 Nf6 16. Nf3 gxf4 17. gxf4 Bd7 18. Ne5 Kh8 19. Nxd7 Qxd7 20. Bf3 Rg8+ 21. Kh1 Rg6 22. Rg1 Rag8 23. Qf2 Ng4 24. Qe2 h5 25. Rg2 Qe7 26. Rag1 Qh4 27. Rg3 Bd8 28. Bxg4 hxg4 29. Kg2 Qh7 30. Kf1 Rh6 31. R3g2 Rh3 32. Nd1 Kg7 33. b5 Rh8 34. bxc6 bxc6 35. Qa6 Rxh2 36. Rxh2 Qxh2 37. Nf2 Qh4 38. Qxc6 Qe7 39. Kg2 Kf6 40. Rb1 g3 41. Kxg3 Qg7+ 42. Kf3 Rh2 43. Rf1 Qg2+ 44. Ke2 Rh3 45. Qa6 Qf3+ 46. Kd2 Qxe3+ 47. Kc2 Qc3+ 48. Kb1 Qb4+ 49. Ka1 Qxd4+ 50. Kb1 Qb4+ 51. Ka1 Rf3 52. Qc8 Qc3+ 53. Kb1 Qa5 54. Qb8 Kf7 55. Qb7+ Be7 56. Rh1 Rxf2 57. Rh7+ Kg6 58. Rg7+ Kh5 59. Rh7+ Kg4 0-1

[Event "Yerevan op 1st"]
[Site "Yerevan"]
[Date "2016.10.04"]
[Round "3"]
[White "Hayrapetyan, Artavazd R"]
[Black "Kislinsky, Alexey"]
[Result "1-0"]
[WhiteElo "2258"]
[BlackElo "2456"]
[PlyCount "125"]
[EventDate "2016.10.02"]
[EventType "swiss"]
[EventRounds "9"]
[EventCountry "ARM"]
[SourceTitle "EXT 2017"]
[Source "ChessBase"]
[SourceDate "2016.10.25"]
[SourceVersion "1"]
[SourceVersionDate "2016.10.25"]
[SourceQuality "1"]

1. c4 g6 2. Nc3 Bg7 3. g3 Nf6 4. Bg2 0-0 5. e4 c5 6. Nge2 Nc6 7. 0-0 a6 8. d3 b5 9. cxb5 axb5 10. Nxb5 Ba6 11. Nec3 Rb8 12. a4 d6 13. f4 Nd4 14. Nxd4 cxd4 15. Na2 Bc8 16. f5 d5 17. e5 Nd7 18. fxg6 hxg6 19. e6 fxe6 20. Rxf8+ Nxf8 21. b4 Ra8 22. Bd2 Nd7 23. b5 Nc5 24. Nb4 Bd7 25. Qc2 Rc8 26. Nc6 Bxc6 27. Qxc5 Be8 28. Qb4 Rb8 29. Rb1 Bf6 30. Bf4 e5 31. Bd2 Qd7 32. Qc5 e6 33. Bb4 Kh7 34. b6 Bg7 35. a5 Rc8 36. Qe7 Qb5 37. b7 Rb8 38. a6 Qxa6 39. Bd6 Qxd3 40. Rf1 Qe3+ 41. Kh1 Bb5 42. Rg1 Rxb7 43. Qxb7 Be2 44. Bf8 Qh6 45. Qe7 d3 46. Bxg7 Qxg7 47. Qxe6 d4 48. Qa2 Qf6 49. Rb1 Kh6 50. Qd2+ Qg5 51. Rb2 Qe3 52. h3 Kg5 53. Kh2 Qxd2 54. Rxd2 Kf5 55. Kg1 e4 56. Bf1 Bf3 57. Rf2 d2 58. Rxf3+ exf3 59. Bd3+ Ke5 60. Bc2 d3 61. Bd1 Kd4 62. Kf2 Kc3 63. Bxf3 1-0

[Event "Yerevan op 1st"]
[Site "Yerevan"]
[Date "2016.10.03"]
[Round "2"]
[White "Ter Sahakyan, Samvel"]
[Black "Hayrapetyan, Artavazd R"]
[Result "1/2-1/2"]
[WhiteElo "2599"]
[BlackElo "2258"]
[PlyCount "203"]
[EventDate "2016.10.02"]
[EventType "swiss"]
[EventRounds "9"]
[EventCountry "ARM"]
[SourceTitle "EXT 2017"]
[Source "ChessBase"]
[SourceDate "2016.10.25"]
[SourceVersion "1"]
[SourceVersionDate "2016.10.25"]
[SourceQuality "1"]

1. e4 e6 2. d4 d5 3. Nd2 Be7 4. e5 c5 5. c3 Nc6 6. Bd3 cxd4 7. cxd4 Qb6 8. Ndf3 Bd7 9. Ne2 Nb4 10. Bb1 Bb5 11. 0-0 Qa6 12. Re1 Bd3 13. Bd2 Bxb1 14. Rxb1 Qxa2 15. Bxb4 Bxb4 16. Ra1 Qc4 17. Qa4+ b5 18. Qa6 Ne7 19. Rac1 Qb3 20. Qxb5+ Kf8 21. Rc7 a6 22. Qb7 Re8 23. Nf4 a5 24. h4 h6 25. Kh2 g5 26. Re3 Qxb2 27. Nd3 Qa2 28. Nxb4 axb4 29. Kg1 Qb2 30. Qa7 Rg8 31. hxg5 hxg5 32. Ne1 g4 33. g3 Qb1 34. Rb7 Qc1 35. Rc7 Qd2 36. Qc5 b3 37. Rb7 b2 38. Qc3 Qd1 39. Rxb2 Nf5 40. Rd3 Qa1 41. Kg2 Rh8 42. Qb4+ Kg7 43. Qd2 Rc8 44. Qg5+ Kf8 45. Rc3 Re8 46. Qd2 Rh5 47. Rc7 Kg7 48. Qe2 Kg6 49. Qxg4+ Rg5 50. Qe2 Rh8 51. Rbb7 Rgh5 52. Qg4+ Rg5 53. Qe2 Rh7 54. Rb8 Qxd4 55. Rg8+ Rg7 56. Nf3 Qg4 57. Rxg7+ Kxg7 58. Qd3 Rh5 59. Ng1 Nh4+ 60. Kf1 Ng6 61. Qf3 Qxf3 62. Nxf3 Nxe5 63. Nxe5 Rxe5 64. Kg2 Re2 65. g4 Kg6 66. Kg3 e5 67. Rd7 Rd2 68. Kf3 Rd4 69. Ke3 Kf6 70. f3 Ke6 71. Ra7 Rc4 72. Ra6+ Kd7 73. Kd3 Rc6 74. Ra7+ Ke6 75. Ra8 f6 76. Re8+ Kd6 77. Rd8+ Ke6 78. Re8+ Kd7 79. Ra8 Rb6 80. Ke3 Rb2 81. Ra5 Ke6 82. Ra6+ Kf7 83. Rd6 d4+ 84. Ke4 Kg6 85. f4 Re2+ 86. Kf3 Re3+ 87. Kf2 exf4 88. Rxd4 Kg5 89. Rd8 Kxg4 90. Rg8+ Kf5 91. Ra8 Rb3 92. Rc8 Rb7 93. Kf3 Rb5 94. Ra8 Rb3+ 95. Kf2 Rc3 96. Rb8 Ra3 97. Rc8 Ke5 98. Re8+ Kf5 99. Rb8 f3 100. Rb4 Kg5 101. Rc4 f5 102. Rb4 1/2-1/2

[Event "Batumi Municipality Cup"]
[Site "Batumi"]
[Date "2015.07.07"]
[Round "6"]
[White "Sibashvili, Giorgi"]
[Black "Hayrapetyan, Artavazd R"]
[Result "0-1"]
[WhiteElo "2422"]
[BlackElo "2289"]
[PlyCount "66"]
[EventDate "2015.07.03"]
[EventType "swiss"]
[EventRounds "9"]
[EventCountry "GEO"]
[SourceTitle "EXT 2016"]
[Source "ChessBase"]
[SourceDate "2015.10.08"]
[SourceVersion "1"]
[SourceVersionDate "2015.10.08"]
[SourceQuality "1"]

1. e4 e6 2. d4 d5 3. Nd2 Nf6 4. e5 Nfd7 5. Bd3 c5 6. c3 Nc6 7. Ne2 Qb6 8. Nf3 cxd4 9. cxd4 f6 10. exf6 Nxf6 11. 0-0 Bd6 12. Rb1 0-0 13. Bf4 Bxf4 14. Nxf4 Ne4 15. Ne2 Bd7 16. Bxe4 dxe4 17. Ng5 Rad8 18. Qd2 e5 19. Qc2 Nxd4 20. Nxd4 exd4 21. Qc4+ Kh8 22. Nf7+ Rxf7 23. Qxf7 Be6 24. Qe7 Bxa2 25. Rbd1 d3 26. Qxe4 d2 27. Qf4 Qxb2 28. Qc7 Qd4 29. Qxb7 a5 30. Qa6 a4 31. Rxd2 Qxd2 32. Qxa4 h6 33. h3 Rf8 0-1

[Event "ARM-ch 1st League 74th"]
[Site "Yerevan"]
[Date "2013.09.01"]
[Round "11"]
[White "Baghdasaryan, Vahe"]
[Black "Hayrapetyan, Artavazd R"]
[Result "1/2-1/2"]
[WhiteElo "2414"]
[BlackElo "2200"]
[PlyCount "186"]
[EventDate "2013.08.21"]
[EventType "tourn"]
[EventRounds "13"]
[EventCountry "ARM"]
[EventCategory "7"]
[SourceTitle "CBM 156 Extra"]
[Source "ChessBase"]
[SourceDate "2013.10.22"]
[SourceVersion "1"]
[SourceVersionDate "2013.10.22"]
[SourceQuality "1"]

1. e4 e6 2. d4 d5 3. Nc3 Nf6 4. Bg5 Be7 5. e5 Nfd7 6. h4 Bxg5 7. hxg5 Qxg5 8. Qd3 h6 9. Nh3 Qh4 10. Nb5 Na6 11. 0-0-0 Nb6 12. Qc3 Bd7 13. Nxc7+ Nxc7 14. Qxc7 Bc6 15. g3 Qe7 16. Qxe7+ Kxe7 17. Nf4 a6 18. g4 Bb5 19. Bxb5 axb5 20. Kb1 Rhc8 21. Rh3 Rc4 22. Rb3 Rca4 23. a3 R4a5 24. Nd3 Nd7 25. Rb4 Ra4 26. c3 Rxb4 27. cxb4 b6 28. Nf4 Rh8 29. Kc2 g5 30. Ne2 f6 31. exf6+ Nxf6 32. f3 Ne8 33. Rh1 Nd6 34. Nc1 Rf8 35. Rxh6 Rxf3 36. Nd3 Rg3 37. Rh7+ Ke8 38. Ne5 Nc4 39. Nxc4 bxc4 40. a4 Kd8 41. Rb7 Rxg4 42. Rxb6 Rg2+ 43. Kb1 Rg1+ 44. Ka2 Rg2 45. Rxe6 c3 46. Rd6+ Kc7 47. Rxd5 c2 48. Rc5+ Kb7 49. d5 g4 50. d6 Rd2 51. d7 g3 52. Rxc2 Rxd7 53. Rg2 Rg7 54. Kb3 Kc6 55. Kc3 Rg4 56. b3 Kb6 57. Kd2 Rd4+ 58. Kc2 Rg4 59. b5 Kc5 60. Kd2 Rg6 61. Ke3 Kb4 62. Kf4 Rf6+ 63. Kg5 Rf3 64. Kh4 Rxb3 65. Rxg3 Rb1 66. Rg4+ Ka5 67. Kg5 Rh1 68. Rd4 Rf1 69. Rf4 Rh1 70. Kf5 Rh5+ 71. Ke6 Rh6+ 72. Kd5 Rh5+ 73. Kd6 Rh6+ 74. Kc7 Rh7+ 75. Kd8 Rh8+ 76. Ke7 Rh7+ 77. Kd6 Rh6+ 78. Ke5 Rh5+ 79. Kf6 Rh6+ 80. Kg5 Rh1 81. Kg4 Rh7 82. Kg3 Rh8 83. Rg4 Rf8 84. Rh4 Rf7 85. Rf4 Rh7 86. Kg4 Rh2 87. Kf5 Rh5+ 88. Ke6 Rh6+ 89. Ke5 Rh5+ 90. Rf5 Rh8 91. Kd6 Rh6+ 92. Ke7 Kxa4 93. Kd7 Rb6 1/2-1/2